Introduction to GIS Programming: A Practical Python Guide to Open Source Geospatial Tools / (Record no. 617447)

000 -LEADER
fixed length control field 00489nam a22001697a 4500
003 - CONTROL NUMBER IDENTIFIER
control field NUST
005 - DATE AND TIME OF LATEST TRANSACTION
control field 20260514101115.0
008 - FIXED-LENGTH DATA ELEMENTS--GENERAL INFORMATION
fixed length control field 260514b ||||| |||| 00| 0 eng d
020 ## - INTERNATIONAL STANDARD BOOK NUMBER
International Standard Book Number 979-8286979455
082 ## - DEWEY DECIMAL CLASSIFICATION NUMBER
Classification number 004.019
Author Mark QIU
100 ## - MAIN ENTRY--PERSONAL NAME
Personal name Qiusheng Wu
9 (RLIN) 134455
245 ## - TITLE STATEMENT
Title Introduction to GIS Programming: A Practical Python Guide to Open Source Geospatial Tools /
Statement of responsibility, etc. Qiusheng Wu.
260 ## - PUBLICATION, DISTRIBUTION, ETC.
Place of publication, distribution, etc. USA:
Date of publication, distribution, etc. 2025.
300 ## - PHYSICAL DESCRIPTION
Extent 556 p ;
Dimensions 32.5 cm
563 ## - BINDING INFORMATION
Binding note Paperback
942 ## - ADDED ENTRY ELEMENTS (KOHA)
Source of classification or shelving scheme
Koha item type Book
Holdings
Withdrawn status Lost status Source of classification or shelving scheme Damaged status Not for loan Permanent Location Current Location Date acquired Total Checkouts Full call number Barcode Date last seen Price effective from Koha item type
          Institute of Geographical Information Systems (IGIS) Institute of Geographical Information Systems (IGIS) 05/14/2026   004.019 QIU IGIS-1459 05/14/2026 05/14/2026 Book
© 2023 Central Library, National University of Sciences and Technology. All Rights Reserved.